| 000 | 01010cam a22003015i 4500 | ||
|---|---|---|---|
| 999 |
_c28398 _d28369 |
||
| 001 | 18779473 | ||
| 003 | EG-ScBUE | ||
| 005 | 20200322135928.0 | ||
| 008 | 150911s2015 nyua f b 001 0 eng d | ||
| 020 | _a9781617291388 (pbk.) | ||
| 020 | _a1617291382 (pbk.) | ||
| 040 |
_aDLC _beng _erda _cDLC _dDLC _dEG-ScBUE |
||
| 082 | 0 | 4 |
_a519.502855133 _bKAB _222 |
| 100 | 1 |
_aKabacoff, Robert, _eauthor. |
|
| 245 | 1 | 0 |
_aR in action : _bdata analysis and graphics with R / _cRobert I. Kabacoff. |
| 250 | _aSecond edition. | ||
| 264 | 1 |
_aShelter Island, New York : _bManning Publication, _c2015. |
|
| 300 |
_axxviii, 579 pages : _billustrations ; _c24 cm |
||
| 336 |
_atext _btxt _2rdacontent |
||
| 337 |
_aunmediated _bn _2rdamedia |
||
| 338 |
_avolume _bnc _2rdacarrier |
||
| 504 | _aIncludes bibliographical references and index. | ||
| 650 | 7 |
_aR (Computer program language) _2BUEsh |
|
| 650 | 7 |
_aStatistics _xData processing. _2BUEsh |
|
| 653 |
_bCOMSCI _cMarch2020 |
||
| 655 |
_vText book _933728 |
||
| 942 |
_2ddc _cBB |
||